| 000 | 00412nam a22001337a 4500 | ||
|---|---|---|---|
| 008 | 230725b |||||||| |||| 00| 0 eng d | ||
| 040 |
_aNational Science Library _cNational Science Library |
||
| 245 | _a1970 Handbook of Agricultural charts | ||
| 260 |
_aWashington: _bUS Department of Agriculture, _c1970 |
||
| 300 | _a145p. | ||
| 500 | _aAgriculture handbook no. 397 | ||
| 650 | _aHandbook | ||
| 942 |
_2udc _cHDK |
||
| 999 |
_c55105 _d55105 |
||